000 00539nam a2200169Ia 4500
003 GCL
008 140319s9999 xx 000 0 ara d
040 _aGCL /
_cGCL
082 0 4 _a759.9569
_bا ل
100 1 _aالاتحاد العام للفنانين الشكليي
245 1 0 _aلوحات فلسطينية /
_cالاتحاد العام للفنانين الشكليي
490 _a100 قصة
_v0
650 0 4 _aالفنون
650 0 4 _aالفنون التشكيلية
650 0 4 _aالتصوير الزيتى
942 _2ddc
_cBK
999 _c46425
_d46425